| 000 | 02180nam0a2200337 i 4500 | ||
|---|---|---|---|
| 001 | RU\NLR\BIBL_A\011106708 | ||
| 005 | 20241103105718.0 | ||
| 010 |
_a9785321024706 _9100 |
||
| 021 |
_aRU _b2016-27394 _91759 |
||
| 035 | _a(NILC)RuMoRGB-008270646 | ||
| 035 | _a(NLR Aleph) 011106708 | ||
| 090 |
_a11451448 _c11451448 |
||
| 100 | _a20160422d2016 km y0rusy50 ca | ||
| 101 | 0 | _arus | |
| 102 | _aRU | ||
| 105 | _aa j 000yy | ||
| 200 | 1 |
_aИнженерная графика _eразработка конструкторской документации с элементами конструирования _eучебное пособие для студентов, обучающихся по направлениям подготовки: 18.03.01-Химическая технология ; 18.03.02-Энерго-и ресурсосберегающие процессы в химической технологии, нефтехимии и биотехнологии ; 19.03.01-Биотехнология _fС. В. Лукинских, Л. В. Баранова, Т. И. Сидякина _gМ-во образования и науки Рос. Федерации, Уральский федеральный ун-т им. первого Президента России Б. Н. Ельцина, [Ин-т фундаментального образования] |
|
| 210 |
_aЕкатеринбург _cУрФУ _d2016 |
||
| 215 |
_a114 с. _cил. _d24 |
||
| 320 | _aБиблиогр.: с. 78 (8 назв.) | ||
| 606 |
_aИнженерная графика _jУчебные издания для высших учебных заведений _91251438 _3RU\NLR\AUTH\66512338 |
||
| 675 | _a744 | ||
| 686 | 1 | _aЖ11я73-1 | |
| 700 | 1 |
_aЛукинских _bС. В. _gСветлана Владимировна |
|
| 701 | 1 |
_aБаранова _bЛ. В. _cспециалист по инженерной графике _gЛюбовь Вениаминовна _9154973 _3RU\NLR\AUTH\770155012 |
|
| 701 | 1 |
_aСидякина _bТ. И. _gТатьяна Ивановна |
|
| 801 | 0 |
_aRU _bРГБ _c20160406 _gRCR |
|
| 942 | _cBOOK | ||
| 980 | _aNBR | ||